| 000 | 01120nam a2200241 a 4500 | ||
|---|---|---|---|
| 005 | 20160913144532.0 | ||
| 008 | 160913b2014 ck ao|||r|||| 00| 0 spa d | ||
| 020 | _a9789588353920 | ||
| 040 |
_aCO-BoIAVH _cCO-BoIAVH |
||
| 041 | 0 | _aspa | |
| 044 | _ack | ||
| 082 | 0 | 4 |
_a331.2164 _bE96p |
| 245 | 0 | 0 |
_aExención predial por conservación : _bguía metodológica para su aplicación en municipios / _ceditado por Jairo Alonso Rodríguez, Eugenia Ponce de León y Verónica Robledo |
| 260 |
_aBogotá?, Colombia : _bResnatur : _bFundación Natura : _bWWF : _bThe Nature Conservancy : _bParques Nacionales Naturales, _c2014. |
||
| 300 |
_a72 páginas : _bilustraciones a color y mapas ; _c23 x 17 cm. |
||
| 650 | 2 | 6 |
_aConservación de la diversidad biológica _xIncentivos _zColombia |
| 650 | 2 | 6 |
_aBiodiversidad _xconservación _xIncentivos _zColombia |
| 650 | 2 | 6 |
_aPolítica ambiental _xImpuestos _xIncentivos _zColombia |
| 700 | 1 |
_aRodríguez, Jairo Alonso _eeditor |
|
| 700 | 1 |
_aPonce de León, Eugenia _eeditora |
|
| 700 | 1 |
_aRobledo, Verónica _eeditora |
|
| 942 |
_2ddc _cLIBRO |
||
| 999 |
_c19022 _d19022 |
||